The Solar System Ladder Quiz Stats

 Plays Quiz Updated Aug 28, 2017

     
Support Sporcle.
Go Orange.
Score 0/120 Timer 20:00
0 Plays Today
% Correct
☉CORE☉
85.4%
Tore
84.4%
Tile
83.7%
Salt
79.1%
Sole
76.9%
♂MARS♂
76.6%
Mold
76.5%
Barn
76%
Morn
76%
Tire
75.4%
Melt
75.3%
Bars
75.2%
BELT
75.2%
Bolt
75%
Born
74.5%
☽ MOON☽
73.9%
Sale
73.2%
Soot
73.2%
Shed
72.7%
Boot
72.6%
Malt
71.4%
Silt
71.4%
Sled
71%
Mart
70.7%
That
69.7%
Chat
69.7%
Mole
69.6%
Park
69%
Slid
68.9%
Cast
68.5%
Care
67.6%
Cost
67.6%
Grin
67.5%
Mood
67.5%
☿TILT☿
67.4%
Slit
67%
♃SPOT♃
66.9%
Then
66.5%
Coat
66.3%
Than
66.2%
% Correct
Erin
65.2%
Case
65.1%
Pars
64.8%
♆DARK♆
64.1%
Dare
63.2%
Gain
61.8%
Errs
61.3%
Spit
60.8%
Blind
60.7%
Ears
60%
Blood
59.8%
Blond
59.7%
Thee
58.7%
Flour
58.3%
♇PLUTO♇
58.1%
ERIS
57.6%
Brits
57.2%
Blink
57.1%
Plato
57.1%
Tries
57%
Fries
56.6%
Freed
56%
Fried
55.9%
Greet
55.8%
Greed
55.8%
Plank
55.6%
Bries
55.3%
Shea
55.2%
Teens
54.7%
Blank
54.4%
Aries
54.3%
Flood
54.1%
Plane
52.9%
Floor
52.6%
Plate
52.3%
Terms
52.1%
Bluto
50.9%
Wart
50.8%
Teems
50.2%
⨁EARTH⨁
50.1%
% Correct
♀VENUS♀
48.9%
♃GREAT♃
48.8%
Wait
46.6%
Darts
46.1%
Trend
45.9%
Treat
45.7%
Girth
45.7%
Garth
45.6%
Ear to
45.5%
Wain
45.4%
♄RHEA♄
45.3%
Molar
44.9%
Barts
44.8%
Gents
44.5%
Bruts
44.2%
Flout
43.7%
Rhee
43.2%
Cares
43.2%
Genus
42.8%
Dares
42.3%
Tread
42.1%
Mends
41.8%
Barto
41.5%
Bruto
41.4%
Molds
41.4%
Vends
40.7%
Clout
40.4%
Wort
38.6%
CLOUD
38.5%
Melds
38%
Teend
37.8%
☉SOLAR☉
36.7%
⚳CERES⚳
34.7%
Molas
33.4%
OORT
33.1%
Girts
31.2%
Teres
31.2%
Gerts
30.3%
⛢ARIEL⛢
26.7%
Triel
24.9%

From the Vault

Images for Every Subcategory: Gaming

by El_Dandy

Gaming 6m
Grab a 1-up mushroom and get ready to jump on some heads.
Remove Ads.
Support Sporcle.
Get the best of Sporcle when you Go Orange. This ad-free experience offers more features, more stats, and more fun while also helping to support Sporcle. Thank you for becoming a member.

Show Comments

Extras

Top Quizzes Today


Score Distribution

Your Account Isn't Verified!

In order to create a playlist on Sporcle, you need to verify the email address you used during registration. Go to your Sporcle Settings to finish the process.

Report this User

Report this user for behavior that violates our Community Guidelines.

Details: